000 00717nam a2200229Ia 4500
003 OSt
005 20220926014220.0
006 a|||||r|||| 00| 0
007 ta
008 220923b |||||||| |||| 00| 0 eng d
037 _cGeneral Book
040 _aRTL
_cRTL
_beng
041 _2eng
_aeng
082 _aX:991.73.N7, L9
100 _aBurtt Everett Johnson
_9320148
245 0 _aLabor in the American economy
260 _aNew York
_bMartin's Press U. S. A.
_c1979
300 _axvii, 489p. Appendix p.459-62; Glossary p.463-70
_ccm.
650 _aLabour Market Economics-United States
_9251123
942 _hX:991.73.N7, L9
_cGB
_2CC
999 _c628327
_d628327